Management essentials (Record no. 49914)

MARC details
000 -LEADER
fixed length control field 00500nam a2200145 a 4500
008 - FIXED-LENGTH DATA ELEMENTS--GENERAL INFORMATION
fixed length control field 120416s1979 ||||||||||||||||| || u
050 ## - LIBRARY OF CONGRESS CALL NUMBER
Classification number HD 31 Glu
100 ## - MAIN ENTRY--PERSONAL NAME
Personal name Glueck, William F
245 10 - TITLE STATEMENT
Title Management essentials
260 ## - PUBLICATION, DISTRIBUTION, ETC.
Place of publication, distribution, etc. Hinsdale, Ill.:
Name of publisher, distributor, etc. The Dryden Press
Date of publication, distribution, etc. 1979
350 ## - PRICE (NR) (BK AM CF MU VM SE) [OBSOLETE]
Price 0.00
650 ## - SUBJECT ADDED ENTRY--TOPICAL TERM
Topical term or geographic name entry element MANAGEMENT ESSENTIALS
650 #0 - SUBJECT ADDED ENTRY--TOPICAL TERM
Topical term or geographic name entry element MANAGEMENT
995 ## - RECOMMENDATION 995 [LOCAL, UNIMARC FRANCE]
-- 0.00
-- CBU-MAIN LIBRARY (Kitwe)
-- 1
-- 15.19
-- 1
-- DAMAGED
-- Main Library Open Access Collection
Holdings
Withdrawn status Lost status Source of classification or shelving scheme Damaged status Not for loan Home library Current library Shelving location Date acquired Total Checkouts Full call number Barcode Date last seen Price effective from Koha item type
          CBU-MAIN LIBRARY, KITWE. CBU-MAIN LIBRARY, KITWE.   11/30/2022   HD 31 Glu 707604 11/30/2022 11/30/2022 MONOGRAPH